00449nam a2200193 a 4500001001300000003000900013005001700022008003800039020001000077082001600087100002600103245001100129260001300140300000900153500003500162505001000197650002200207700002600229nice12345678IN_TiNIC20260116011449.0050524s1297 a grp 000 0 ara  ac10000a892.73bKHW aKhwarzmi Al, Abi Bakr aRasael abc1297 a214p aincludes index and biblioraphy2 aIndex aArabic-Literature1 aKhwarzmi Al, Abi Bakr